Home Print Resources E-Books E-Journals IIMT Lecture Series Library Membership Form Book Recommendation Form Campus Tour Take AdmissionAbout Us Contact Us

CHITTRAKALA, NATYAKALA , SANGIT AVAM NRITYAKALA KA ADHAPAN (Record no. 49934)

000 -LEADER
fixed length control field nam a22 7a 4500
003 - CONTROL NUMBER IDENTIFIER
control field OSt
005 - DATE AND TIME OF LATEST TRANSACTION
control field 20200319113425.0
008 - FIXED-LENGTH DATA ELEMENTS--GENERAL INFORMATION
fixed length control field 200319b xxu||||| |||| 00| 0 eng d
040 ## - CATALOGING SOURCE
Transcribing agency SERO SOFT
100 ## - MAIN ENTRY--PERSONAL NAME
Personal name RATHOR LATA KUSUM
245 ## - TITLE STATEMENT
Title CHITTRAKALA, NATYAKALA , SANGIT AVAM NRITYAKALA KA ADHAPAN
250 ## - EDITION STATEMENT
Edition statement NEW
260 ## - PUBLICATION, DISTRIBUTION, ETC.
Place of publication, distribution, etc. MEERUT
Name of publisher, distributor, etc. R.LALL
300 ## - PHYSICAL DESCRIPTION
Extent 268
942 ## - ADDED ENTRY ELEMENTS (KOHA)
Source of classification or shelving scheme
Koha item type Text-Book- for 7 days
Holdings
Withdrawn status Lost status Source of classification or shelving scheme Damaged status Not for loan Home library Current library Date acquired Cost, normal purchase price Inventory number Total Checkouts Barcode Date last seen Price effective from Koha item type
          PT. Deen Dayal Upadhyay Management College-Education PT. Deen Dayal Upadhyay Management College-Education 03/19/2020 175.00 74585   07-B-12860 03/19/2020 03/19/2020 Text-Book- for 7 days
          PT. Deen Dayal Upadhyay Management College-Education PT. Deen Dayal Upadhyay Management College-Education 03/19/2020 175.00 74585   07-B-12861 03/19/2020 03/19/2020 Text-Book- for 7 days
          PT. Deen Dayal Upadhyay Management College-Education PT. Deen Dayal Upadhyay Management College-Education 03/19/2020 175.00 74585   07-B-12862 03/19/2020 03/19/2020 Text-Book- for 7 days
IIMT, Central Library. All Rights Reserved IIMT,UNIVERSITY © 2023
Implemented and Customised by I CLOUDE EMS
You Are OPAC Visitor No
free web counter

Powered by Koha